[Event "WchT Seniors 50"]
[Site "Struga"]
[Date "2023.09.22"]
[Round "4.1"]
[White "Granat, Russell"]
[Black "Lalic, Susan"]
[Result "1/2-1/2"]
[WhiteElo "2171"]
[BlackElo "2251"]
[PlyCount "29"]
[EventDate "2023.09.19"]
[EventType "team-swiss"]
[EventRounds "9"]
[EventCountry "MKD"]
[SourceTitle "EXT 2024"]
[Source "ChessBase"]
[SourceDate "2023.10.10"]
[SourceVersion "1"]
[SourceVersionDate "2023.10.10"]
[SourceQuality "1"]
[WhiteTeam "England 50 III"]
[BlackTeam "England 50 (W)"]
[WhiteTeamCountry "ENG"]
[BlackTeamCountry "ENG"]

1. e4 e6 2. d4 d5 3. exd5 exd5 4. Nf3 Nf6 5. Bd3 Bd6 6. 0-0 0-0 7. h3 Nbd7 8. Nc3 c6 9. Re1 Re8 10. Rxe8+ Qxe8 11. Qe2 Qxe2 12. Nxe2 Nf8 13. Bf4 Bxf4 14. Nxf4 Ne6 15. Nxe6 1/2-1/2

[Event "BCF-chT3E 2223 (4NCL)"]
[Site "England"]
[Date "2023.01.08"]
[Round "4.22"]
[White "Granat, Russell"]
[Black "Seymour, Timothy P"]
[Result "0-1"]
[WhiteElo "2267"]
[BlackElo "2093"]
[PlyCount "68"]
[EventDate "2022.11.05"]
[EventType "team-tourn"]
[EventRounds "11"]
[EventCountry "ENG"]
[SourceTitle "EXT 2024"]
[Source "ChessBase"]
[SourceDate "2023.10.10"]
[SourceVersion "1"]
[SourceVersionDate "2023.10.10"]
[SourceQuality "1"]
[WhiteTeam "Guildford Castles"]
[BlackTeam "Surbiton"]
[WhiteTeamCountry "ENG"]
[BlackTeamCountry "ENG"]

1. e4 e5 2. Nf3 Nc6 3. Bb5 Nf6 4. d3 Bc5 5. 0-0 Nd4 6. Ba4 Nxf3+ 7. Qxf3 0-0 8. Be3 Bxe3 9. fxe3 c6 10. Nc3 d6 11. Bb3 Qe7 12. Ne2 a5 13. c3 a4 14. Bc2 a3 15. b3 Bg4 16. Qf2 d5 17. Ng3 dxe4 18. dxe4 Qc5 19. c4 Be6 20. h3 Rfd8 21. Rfd1 Qa5 22. Qe1 Qxe1+ 23. Rxe1 Ne8 24. Red1 Nc7 25. Rxd8+ Rxd8 26. Rd1 Rxd1+ 27. Bxd1 Na6 28. Ne2 b5 29. cxb5 cxb5 30. Nc3 b4 31. Nb1 Nc5 32. Nd2 Nd3 33. Bc2 Nc1 34. Bb1 Ne2+ 0-1

[Event "BCF-chT 2122 (4NCL)"]
[Site "England"]
[Date "2022.03.26"]
[Round "5.104"]
[White "Granat, Russell"]
[Black "Payne, Matthew"]
[Result "1/2-1/2"]
[WhiteElo "2161"]
[BlackElo "2158"]
[PlyCount "128"]
[EventDate "2021.11.27"]
[EventType "team-swiss"]
[EventRounds "11"]
[EventCountry "ENG"]
[SourceTitle "EXT 2023"]
[Source "ChessBase"]
[SourceDate "2022.10.05"]
[SourceVersion "1"]
[SourceVersionDate "2022.10.05"]
[SourceQuality "1"]
[WhiteTeam "Guildford Castles"]
[BlackTeam "Sussex Martlets"]
[WhiteTeamCountry "ENG"]
[BlackTeamCountry "ENG"]

1. Nf3 Nf6 2. g3 g6 3. b3 Bg7 4. Bb2 0-0 5. Bg2 d6 6. c4 e5 7. 0-0 Nc6 8. Nc3 h6 9. Rc1 Be6 10. d4 exd4 11. Nxd4 Nxd4 12. Qxd4 Qd7 13. Ne4 Ne8 14. Qxg7+ Nxg7 15. Nf6+ Kh8 16. Nxd7 Bxd7 17. Bxb7 Rab8 18. Bf3 a5 19. c5 a4 20. Ba3 Ne8 21. b4 Kg8 22. Rfd1 Be6 23. Rd2 Ng7 24. cxd6 cxd6 25. Bc6 Rfc8 26. b5 Ne8 27. e4 Rb6 28. Bb2 Kf8 29. a3 Ke7 30. Rd4 Bd7 31. Bxd7 Kxd7 32. Rxc8 Kxc8 33. Rxa4 Rxb5 34. Bd4 Nc7 35. Be3 g5 36. h3 Kd7 37. Kg2 f5 38. exf5 Rxf5 39. h4 gxh4 40. Rxh4 h5 41. a4 Nd5 42. Bd4 Kc6 43. Re4 Nc7 44. Bc3 Nd5 45. Rc4+ Kb6 46. Bd2 Nf6 47. a5+ Ka6 48. f3 Rd5 49. Bc3 Nd7 50. f4 Rd3 51. Rd4 Rxd4 52. Bxd4 Kxa5 53. Kh3 Kb4 54. Kh4 Kc4 55. Bb2 Kd3 56. Kxh5 Ke4 57. Kg5 d5 58. g4 d4 59. f5 d3 60. Bc3 Kf3 61. Bb4 Nc5 62. Kh5 Ne4 63. g5 Kf4 64. g6 Ng3+ 1/2-1/2

[Event "GBR-ch 50+ 106th"]
[Site "Torquay"]
[Date "2019.08.04"]
[Round "7.3"]
[White "Granat, Russell"]
[Black "Townsend, M Paul"]
[Result "1/2-1/2"]
[WhiteElo "2219"]
[BlackElo "2233"]
[PlyCount "86"]
[EventDate "2019.07.29"]
[EventType "swiss"]
[EventRounds "7"]
[EventCountry "ENG"]
[SourceTitle "EXT 2021"]
[Source "ChessBase"]
[SourceDate "2020.10.23"]
[SourceVersion "1"]
[SourceVersionDate "2020.10.23"]
[SourceQuality "1"]

1. e4 e6 2. d4 d5 3. exd5 exd5 4. c4 Nf6 5. Nc3 Bb4 6. Nf3 0-0 7. Be2 dxc4 8. Bxc4 Nc6 9. 0-0 Bg4 10. Be3 Qd6 11. a3 Ba5 12. Be2 Rad8 13. h3 Bh5 14. Na4 Nd5 15. Nc5 Nxe3 16. fxe3 Qh6 17. Nxb7 Qxe3+ 18. Kh1 Nxd4 19. Nxd4 Rxd4 20. Bxh5 Rxd1 21. Raxd1 Qg5 22. Bf3 Bd2 23. g3 Be3 24. Kh2 Qb5 25. b4 g6 26. Bg2 Kg7 27. Nd8 h5 28. Rd5 Qa4 29. b5 Bg5 30. Nxf7 Rxf7 31. Rxf7+ Kxf7 32. Rxg5 Qxa3 33. h4 a5 34. bxa6 Qxa6 35. Rc5 Qd6 36. Rc6 Qe5 37. Kh3 Ke7 38. Kh2 g5 39. Rc4 Kd6 40. hxg5 Qxg5 41. Rh4 Qf5 42. Rd4+ Kc5 43. Rf4 Qc2 1/2-1/2

[Event "BCF-chT2b 1617 (4NCL)"]
[Site "England"]
[Date "2017.02.11"]
[Round "5.74"]
[White "Stepanyan, Henrik"]
[Black "Granat, Russell"]
[Result "1-0"]
[WhiteElo "2192"]
[BlackElo "2212"]
[PlyCount "73"]
[EventDate "2016.11.19"]
[EventType "team-tourn"]
[EventRounds "11"]
[EventCountry "ENG"]
[SourceTitle "EXT 2019"]
[Source "ChessBase"]
[SourceDate "2018.10.10"]
[SourceVersion "1"]
[SourceVersionDate "2018.10.10"]
[SourceQuality "1"]
[WhiteTeam "Warwicks Select"]
[BlackTeam "Guildford III"]
[WhiteTeamCountry "ENG"]
[BlackTeamCountry "ENG"]

1. d4 d5 2. c4 Bf5 3. cxd5 Bxb1 4. Qa4+ c6 5. Rxb1 Qxd5 6. Nf3 Nd7 7. e3 Ngf6 8. b4 e6 9. Qc2 Be7 10. Bc4 Qh5 11. 0-0 0-0 12. Be2 Qg6 13. Bd3 Qh5 14. e4 Rfc8 15. Bf4 h6 16. Rb3 g5 17. Bg3 Bf8 18. Nd2 Re8 19. f4 gxf4 20. Rxf4 Kh8 21. Nf3 Ng8 22. e5 Be7 23. Bh4 Bg5 24. g4 Bxf4 25. gxh5 Ne7 26. Be4 Rac8 27. Bg3 Nd5 28. Bxd5 cxd5 29. Rc3 Be3+ 30. Kf1 Nb6 31. Rc5 Nc4 32. Ke2 b6 33. Rxc8 Rxc8 34. Bh4 Bf4 35. Bf6+ Kg8 36. Qd1 Be3 37. Qf1 1-0

[Event "BCF-chT2b 1617 (4NCL)"]
[Site "England"]
[Date "2016.11.20"]
[Round "2.72"]
[White "Shaw, Peter"]
[Black "Granat, Russell"]
[Result "1/2-1/2"]
[WhiteElo "2093"]
[BlackElo "2228"]
[PlyCount "32"]
[EventDate "2016.11.19"]
[EventType "team-tourn"]
[EventRounds "11"]
[EventCountry "ENG"]
[SourceTitle "EXT 2019"]
[Source "ChessBase"]
[SourceDate "2018.10.10"]
[SourceVersion "1"]
[SourceVersionDate "2018.10.10"]
[SourceQuality "1"]
[WhiteTeam "White Rose II"]
[BlackTeam "Guildford III"]
[WhiteTeamCountry "ENG"]
[BlackTeamCountry "ENG"]

1. d4 Nf6 2. c4 e6 3. Nc3 d5 4. Bg5 Be7 5. e3 c6 6. Nf3 h6 7. Bh4 Ne4 8. Bxe7 Nxc3 9. Qb3 Qxe7 10. bxc3 Nd7 11. Be2 0-0 12. 0-0 dxc4 13. Bxc4 e5 14. a4 e4 15. Nd2 Nb6 16. a5 Nxc4 1/2-1/2

[Event "BCF-chT2d 1516 (4NCL) Demotion pool"]
[Site "England"]
[Date "2016.03.20"]
[Round "8.253"]
[White "Cenal Gutierrez, Ruben"]
[Black "Granat, Russell"]
[Result "0-1"]
[WhiteElo "2252"]
[BlackElo "2199"]
[PlyCount "97"]
[EventDate "2015.11.14"]
[EventType "team-tourn"]
[EventRounds "4"]
[EventCountry "ENG"]
[SourceTitle "EXT 2017"]
[Source "ChessBase"]
[SourceDate "2016.10.25"]
[SourceVersion "1"]
[SourceVersionDate "2016.10.25"]
[SourceQuality "1"]
[WhiteTeam "Hackney"]
[BlackTeam "Guildford III"]
[WhiteTeamCountry "ENG"]
[BlackTeamCountry "ENG"]

1. e4 Nc6 2. Nf3 e5 3. Bb5 a6 4. Ba4 d6 5. c3 Nf6 6. d3 Be7 7. Nbd2 0-0 8. 0-0 b5 9. Bc2 d5 10. h3 dxe4 11. dxe4 h6 12. a4 Be6 13. b4 Bd6 14. axb5 axb5 15. Rxa8 Qxa8 16. Qe2 Qa1 17. Qe3 Qa7 18. Qxa7 Nxa7 19. Bb2 Nc8 20. Bd3 c6 21. Ra1 Nb6 22. Ra6 Rb8 23. Kf1 Nh5 24. Ke1 Nf4 25. Bf1 f6 26. h4 g5 27. g3 Ng6 28. hxg5 hxg5 29. Kd1 c5 30. Ba3 c4 31. Bc1 Ne7 32. Be2 Nc6 33. Nf1 Bxb4 34. cxb4 Nxb4 35. Ra3 Na4 36. Ne3 Na2 37. Kc2 c3 38. Bxb5 Rxb5 39. Nd5 Bxd5 40. exd5 Nb4+ 41. Kb3 Nb6 42. Kxc3 N4xd5+ 43. Kd3 Rb4 44. Nd2 Kf7 45. Rb3 Rd4+ 46. Ke2 Na4 47. Bb2 Nxb2 48. Rxb2 Nc3+ 49. Ke3 0-1

[Event "BCF-ch Seniors 50"]
[Site "Coventry"]
[Date "2015.08.06"]
[Round "5"]
[White "Granat, Russell"]
[Black "De Coverly, Roger D"]
[Result "1-0"]
[WhiteElo "2201"]
[BlackElo "1992"]
[PlyCount "51"]
[EventDate "2015.08.02"]
[EventType "swiss"]
[EventRounds "6"]
[EventCountry "ENG"]
[SourceTitle "CBM 167 Extra"]
[Source "ChessBase"]
[SourceDate "2015.09.14"]
[SourceVersion "1"]
[SourceVersionDate "2015.09.14"]
[SourceQuality "1"]

1. e4 e5 2. Nf3 Nc6 3. Bb5 Nf6 4. 0-0 Nxe4 5. Re1 Nd6 6. Bxc6 dxc6 7. Nxe5 Be7 8. d4 0-0 9. c3 Bf6 10. Bf4 Be6 11. Nd2 Nf5 12. Ne4 Be7 13. Qc2 Nd6 14. Nc5 Bf5 15. Qb3 Rb8 16. Re2 Bf6 17. Rae1 g6 18. f3 h5 19. g4 hxg4 20. fxg4 Bxe5 21. dxe5 Bxg4 22. exd6 cxd6 23. Rg2 Bh5 24. Ne4 Re8 25. Bg5 Rxe4 26. Rxe4 1-0

[Event "London Clegg Memorial rapid KO"]
[Site "London"]
[Date "2015.06.07"]
[Round "1.1"]
[White "Granat, Russell"]
[Black "Wall, Gavin"]
[Result "0-1"]
[WhiteElo "2201"]
[BlackElo "2319"]
[PlyCount "90"]
[EventDate "2015.06.07"]
[EventType "k.o. (rapid)"]
[EventRounds "2"]
[EventCountry "ENG"]
[SourceTitle "CBM 166 Extra"]
[Source "ChessBase"]
[SourceDate "2015.06.18"]
[SourceVersion "1"]
[SourceVersionDate "2015.06.18"]
[SourceQuality "1"]

1. e4 e5 2. Nf3 d6 3. d4 exd4 4. Nxd4 Nf6 5. Nc3 Be7 6. Bd3 0-0 7. f4 Nc6 8. Nxc6 bxc6 9. 0-0 Rb8 10. h3 Nd7 11. Qe2 Nc5 12. Kh1 Nxd3 13. cxd3 f5 14. Be3 a5 15. Rad1 Ba6 16. exf5 Rxf5 17. Qg4 Qf8 18. Rf2 Rb4 19. a3 Rb3 20. Qf3 Bb7 21. Qe4 c5 22. Qa4 Qf7 23. Ne4 Qd5 24. Qe8+ Bf8 25. Ng5 c4 26. Qe6+ Qxe6 27. Nxe6 c5 28. Nxf8 Kxf8 29. Rfd2 Ba6 30. g4 Rf7 31. Kg2 cxd3 32. Kf2 Rfb7 33. f5 Rxb2 34. Bf4 Rxd2+ 35. Rxd2 Ke7 36. g5 d5 37. Be5 g6 38. Ke3 gxf5 39. Kf4 Ke6 40. h4 d4 41. h5 Rd7 42. h6 c4 43. Rb2 c3 44. Rb6+ Kd5 45. Rxa6 d2 0-1